000 02257cam a22004574i 4500
003 PE-LiUPU
005 20250731184049.0
008 150617s1983 pe a r 000 0 spa d
020 _a8449988438
020 _a9788449988431
035 _a(Sirsi) i9788449988431
040 _aPE-LiUPU
_bspa
_cPE-LiUPU
_dPE-LiUPU
_erda
049 _aPRUA
082 0 4 _a868.285
_bP19
_221
100 1 _aPalma, Ricardo,
_eautor.
245 1 0 _aTradiciones peruanas /
_cRicardo Palma.
264 1 _aLima :
_bEnrique Capelleti,
_c1983.
300 _a392 páginas :
_bilustraciones ;
_c25 centímetros
336 _atext
_2rdacontent
337 _aunmediated
_2rdamedia
338 _avolume
_2rdacarrier
500 _aOtra ed.: 1951.
505 0 _aDon Dimas de la tijereta -- Pues bonita soy yo la Castellanos -- La fiesta de Simón Garabatillo -- Dos millones -- La muerte del factor -- Las orejas del alcalde -- El peje chico -- El virrey de los milagros -- Una vida por una honra -- El virrey hereje y un caballero bellaco -- La justicia mayor de Laycacota -- Un proceso contra Dios -- El corregidor de tinta -- Con días y ollas venceremos
526 _aP145
526 _aP127
526 _aP97
526 _aP14
526 _aP07
650 0 4 _aFolklore Peruano.
650 0 4 _aradiciones Peruanas.
910 _ajck
_bjvq
_cjck
_d20150616
942 _2ddc
_cBOOK
949 _a868.285 P19
_wDEWEY
_c1
_i25330
_lCCODEBUL1
_mBUL
_r0
_sY
_tBOOK
_u2015-6-17
_xEDUCACION
_zUNKNOWN
_0COMPRA
_o.STAFF. Colección Ciencias Humanas y Educación
949 _a868.285 P19
_wDEWEY
_c2
_i02592
_lCCODEBUL1
_mBUL
_r0
_sY
_tBOOK
_u2015-6-17
_xEDUCACION
_zUNKNOWN
_0COMPRA
_o.STAFF. Colección Ciencias Humanas y Educación
994 _aC0
_bPEPRU
596 _a1
999 _a868.285 P19
_wDEWEY
_c5371
_i25330
_d5371
_e2017-7-27
_f2022-3-1
_g4
_lCCODEBUL1
_mBUL
_n2
_p20.00
_r0
_sY
_tBOOK
_u2015-6-17
_xEDUCACION
_zUNKNOWN
_0COMPRA
_o.STAFF. Colección Ciencias Humanas y Educación
999 _a868.285 P19
_wDEWEY
_c2
_i02592
_d2018-2-27
_f2021-11-5
_g5
_lCCODEBUL1
_mBUL
_p20.00
_q1
_r0
_sY
_tBOOK
_u2015-6-17
_xBIBLIOTECA
_zUNKNOWN
_0COMPRA
_o.STAFF. Colección Ciencias Humanas y Educación
980 _81
_gALBERTO SANCHEZ Responsable de Automatización